LEADER 00912nam a2200217 i 4500 001 000000060195 003 CaOOAMICUS 005 20140428000000.0 008 140428s1932 it u000 u ita u 013 $a31367 040 $aSeMil$bita 100 1 $aWill, Giuseppe .$0(OLS)http://semarc/name/30642 245 12$aL'Azione Cattolica :$bfondamenti Biblici e Dogmatici /$cP. Giuseppe Will S. J. 260 $aRoma :$bCiviltà Cattolica,$c1932. 300 $aIV, 100 p. ;$c20 cm. 500 $aIn mezzo al front : Traduzione italiana dall'originale tedesco. 650 4$aAzione Cattolica.$0(OLS)http://semarc/subject/9697 850 $aSeMil 852 $aSeMil$W1$xVenegono$y1$m3E II 196$j263612$B26348$CSeMilBibl$Z2$F26351 $81 996 $6245$aL'Azione Cattolica :$bfondamenti Biblici e Dogmatici$9(OLS)http://semarc/title/94265 996 $6260$aRoma :$bCiviltà Cattolica$9(OLS)http://semarc/publisher/31487 LEADER 01248nam a2200277 4500 001 000000366193 003 CaOOAMICUS 005 20260205170342.0 008 260130s1987 it 000 u ita r 020 $a88-7750-171-5 040 $aSeMil$bita 100 1 $aCapra, Carlo,$d<1938- >.$0(OLS)http://semarc/name/5041 245 13$aLa Lombardia austriaca nell'età delle riforme, 1706-1796 /$cCarlo Capra. 264 1$aTorino :$bUTET Libreria,$c1987. 300 $aVIII, 500 p. ;$c24 cm 490 1 $aStoria degli stati italiani dal medioevo all'unità 650 4$aLombardia - Storia - Sec. 18.$0(OLS)http://semarc/subject/199 650 4$aIlluminismo - Storia.$0(OLS)http://semarc/subject/57646 830 0$aStoria degli stati italiani dal medioevo all'unità.$0(OLS)http://semarc/title/11497 850 $aSeMil 852 $aSeMil$W1$xVenegono$y1$m3U V 548$j267047$B256961$CSeMilBibl$Z2$F256961 $81 961 $aBuzzi mons. Franco - Omaggio 996 $6020$a88-7750-171-5$9(OLS)http://semarc/number/305176 996 $6245$aLa Lombardia austriaca nell'età delle riforme, 1706-1796$9(OLS)http://semarc/title/457916 996 $6264$aTorino :$bUTET Libreria$9(OLS)http://semarc/publisher/32208